[Event "Zagreb Open 2011 Grupo B"]
[Site "Zagreb CRO"]
[Date "2011.04.11"]
[Round "1.1"]
[White "Jaklin, Damir"]
[Black "Bender, Ivan"]
[Result "0-1"]
[WhiteElo "2007"]
[BlackElo "2276"]
[PlyCount "56"]
[EventDate "2011.04.11"]
[EventType "swiss"]
[EventRounds "9"]
[EventCountry "CRO"]
[Source "lmi"]
[SourceDate "2011.04.11"]

1. d4 Nf6 2. c4 e6 3. Nc3 Bb4 4. Qc2 O-O 5. Nf3 b6 6. a3 Bxc3+ 7. Qxc3 Bb7 8.
Bg5 h6 9. Bh4 d6 10. e3 Nbd7 11. Be2 a5 12. Rc1 a4 13. O-O Ra5 14. Nd2 Qa8 15.
Bxf6 Nxf6 16. f3 d5 17. c5 bxc5 18. dxc5 Bc6 19. Bd3 Nd7 20. Qd4 e5 21. Qg4
Nxc5 22. Bb1 Bd7 23. Qg3 Re8 24. f4 e4 25. f5 c6 26. f6 g6 27. Qh4 Kh7 28. Qg3
Qb8 0-1

[Event "Zagreb Open 2011 Grupo B"]
[Site "Zagreb CRO"]
[Date "2011.04.11"]
[Round "1.3"]
[White "Barlovic, Tomislav"]
[Black "Cop, Tomislav"]
[Result "0-1"]
[WhiteElo "2002"]
[BlackElo "2268"]
[PlyCount "112"]
[EventDate "2011.04.11"]
[EventType "swiss"]
[EventRounds "9"]
[EventCountry "CRO"]
[Source "lmi"]
[SourceDate "2011.04.11"]

1. Nc3 c6 2. e4 d5 3. Nf3 Bg4 4. d4 e6 5. Be2 Nf6 6. exd5 Bxf3 7. Bxf3 cxd5 8.
O-O Nc6 9. Ne2 Bd6 10. c3 Qc7 11. g3 O-O-O 12. Bf4 h5 13. Rc1 Kb8 14. c4 Bxf4
15. Nxf4 dxc4 16. Rxc4 Rd6 17. Qa4 Qb6 18. Ne2 Nd5 19. Nc3 Qxb2 20. Bxd5 exd5
21. Rb1 Qxb1+ 22. Nxb1 dxc4 23. Qxc4 Rxd4 24. Qe2 Rhd8 25. Kg2 g6 26. Qe3 a6
27. Na3 f5 28. Qe6 R8d6 29. Qg8+ Ka7 30. Nc4 Rd8 31. Qf7 R8d7 32. Qg8 b5 33.
Ne3 R4d6 34. h3 a5 35. Kf3 Ne5+ 36. Kf4 Nd3+ 37. Kf3 a4 38. a3 Nc5 39. Kf4 Re7
40. Qc8 Ne4 41. Qf8 Red7 42. Qc8 Nxf2 43. Qc5+ Ka6 44. Qc8+ Kb6 45. Qb8+ Kc5
46. Qc8+ Kd4 47. Nc2+ Kd3 48. Kf3 Ne4 49. Nb4+ Kd4 50. Nc2+ Ke5 51. Qe8+ Kf6
52. Qh8+ Ke7 53. Qe5+ Kd8 54. Qxb5 Rd3+ 55. Kf4 g5+ 56. Ke5 Re7+ 0-1

[Event "Zagreb Open 2011 Grupo B"]
[Site "Zagreb CRO"]
[Date "2011.04.11"]
[Round "1.4"]
[White "Curic, Drazen"]
[Black "Kurecic, Mladen"]
[Result "1-0"]
[WhiteElo "2264"]
[BlackElo "1999"]
[PlyCount "183"]
[EventDate "2011.04.11"]
[EventType "swiss"]
[EventRounds "9"]
[EventCountry "CRO"]
[Source "lmi"]
[SourceDate "2011.04.11"]

1. e4 e6 2. d4 d5 3. Nc3 Bb4 4. a3 Bxc3+ 5. bxc3 dxe4 6. f3 exf3 7. Qxf3 Qh4+
8. g3 Qf6 9. Bf4 Bd7 10. Qxb7 Bc6 11. Bb5 Bxb5 12. Qxb5+ Nd7 13. Nf3 Rb8 14.
Qa4 Qd8 15. Qxa7 Rc8 16. O-O Ne7 17. Qa6 Ra8 18. Qd3 O-O 19. c4 Nb6 20. c5 Nbd5
21. Bd2 Ra4 22. c4 Nf6 23. Ne5 Nd7 24. Nf3 Qa8 25. Ng5 Ng6 26. h4 Nf6 27. Bb4
h6 28. Nxe6 Nxh4 29. Nf4 Ng6 30. Nxg6 fxg6 31. Qxg6 Ra6 32. Qf5 c6 33. Rae1 Ra7
34. Qe6+ Raf7 35. Re5 Re8 36. Qf5 Rd8 37. d5 Rdf8 38. Qd3 Rd8 39. d6 Qc8 40.
Qf5 Qb7 41. Re6 Rdf8 42. Qg6 Qd7 43. Rfe1 Nh7 44. Bd2 Qa7 45. Bb4 Qd7 46. Bd2
Qa7 47. Be3 Qxa3 48. Re7 Qc3 49. Rc1 Qb2 50. Qe6 Ng5 51. Bxg5 Qf2+ 52. Kh1 hxg5
53. Rg1 Qf3+ 54. Rg2 Qd1+ 55. Kh2 Qh5+ 56. Qh3 Qd1 57. Rxf7 Rxf7 58. Ra2 g4 59.
Ra8+ Rf8 60. Rxf8+ Kxf8 61. Qh8+ Kf7 62. Qh5+ Kf6 63. Qh4+ Kg6 64. Qe7 Qd2+ 65.
Kg1 Qd1+ 66. Kf2 Qf3+ 67. Ke1 Qxg3+ 68. Kd2 Qf2+ 69. Qe2 Qf4+ 70. Kd3 g3 71. d7
Qf5+ 72. Qe4 Qxe4+ 73. Kxe4 g2 74. d8=Q g1=Q 75. Qd6+ Kh5 76. Ke5 Qe3+ 77. Kf5
Qf3+ 78. Ke6 Qg4+ 79. Ke7 Qxc4 80. Qxc6 g5 81. Qh1+ Kg6 82. c6 Qf7+ 83. Kd8
Qf8+ 84. Kd7 Qf7+ 85. Kd6 Qf4+ 86. Kd5 g4 87. Qe4+ Kg5 88. Qxf4+ Kxf4 89. c7
Kf3 90. c8=Q g3 91. Qf5+ Kg2 92. Ke4 1-0

[Event "Zagreb Open 2011 Grupo B"]
[Site "Zagreb CRO"]
[Date "2011.04.11"]
[Round "1.5"]
[White "Colakic, Tomislav"]
[Black "Savic, Miroslav"]
[Result "0-1"]
[WhiteElo "1999"]
[BlackElo "2260"]
[PlyCount "102"]
[EventDate "2011.04.11"]
[EventType "swiss"]
[EventRounds "9"]
[EventCountry "CRO"]
[Source "lmi"]
[SourceDate "2011.04.11"]

1. c4 e5 2. e3 Nc6 3. a3 g6 4. b4 Bg7 5. Bb2 d6 6. Qc2 Nf6 7. d3 O-O 8. Nd2 a5
9. b5 Ne7 10. Be2 Nd7 11. f4 Nf5 12. Nf1 exf4 13. Bxg7 Kxg7 14. exf4 Qf6 15.
Ra2 Nd4 16. Qb2 Re8 17. Ng3 Nc5 18. Kd1 Nxe2 19. Qxf6+ Kxf6 20. N1xe2 Nxd3 21.
Rf1 Bg4 22. Kd2 Bxe2 23. Nxe2 Nc5 24. Rc2 Re7 25. Nc3 Ne4+ 26. Nxe4+ Rxe4 27.
Rf3 Rae8 28. Kd3 b6 29. Rcf2 h5 30. g3 Re1 31. Rc2 Ra1 32. Kd4 Rd1+ 33. Rd3
Ree1 34. Rcc3 Ke6 35. Rxd1 Rxd1+ 36. Ke4 f5+ 37. Ke3 a4 38. Ke2 Ra1 39. Re3+
Kd7 40. h3 Ra2+ 41. Kf3 Rh2 42. h4 Rb2 43. Rd3 Rb3 44. Ke3 d5 45. Kd4 Kd6 46.
Rc3 Rxc3 47. Kxc3 Kc5 48. cxd5 Kxd5 49. Kd3 Kc5 50. Kc3 Kxb5 51. Kd4 Kc6 0-1

[Event "Zagreb Open 2011 Grupo B"]
[Site "Zagreb CRO"]
[Date "2011.04.11"]
[Round "1.6"]
[White "Frouth, Nenad"]
[Black "Dotlic, Zdravko"]
[Result "1-0"]
[WhiteElo "2259"]
[BlackElo "1994"]
[PlyCount "57"]
[EventDate "2011.04.11"]
[EventType "swiss"]
[EventRounds "9"]
[EventCountry "CRO"]
[Source "lmi"]
[SourceDate "2011.04.11"]

1. e4 c5 2. Nc3 d6 3. g3 Nc6 4. Bg2 g6 5. d3 Bg7 6. f4 Nf6 7. Nf3 O-O 8. O-O
Bg4 9. h3 Bxf3 10. Qxf3 Rb8 11. Be3 Nd7 12. Qf2 Nd4 13. Nd1 Qc7 14. c3 Nc6 15.
d4 cxd4 16. cxd4 e5 17. dxe5 dxe5 18. f5 Nd4 19. Nc3 Qd6 20. Rad1 b6 21. Nb5
Qc5 22. Nxd4 exd4 23. Bxd4 Bxd4 24. Rxd4 Qc6 25. f6 Qe6 26. Qf4 Kh8 27. e5 Rbd8
28. Qh6 Rg8 29. Qxh7+ 1-0

[Event "Zagreb Open 2011 Grupo B"]
[Site "Zagreb CRO"]
[Date "2011.04.11"]
[Round "1.8"]
[White "Ostovic, Matija"]
[Black "Mesar, Darko"]
[Result "1-0"]
[WhiteElo "2232"]
[BlackElo "1987"]
[PlyCount "155"]
[EventDate "2011.04.11"]
[EventType "swiss"]
[EventRounds "9"]
[EventCountry "CRO"]
[Source "lmi"]
[SourceDate "2011.04.11"]

1. Nf3 Nf6 2. c4 g6 3. Nc3 Bg7 4. d4 O-O 5. Bg5 d6 6. e3 Nbd7 7. Be2 c5 8. O-O
b6 9. d5 h6 10. Bh4 g5 11. Bg3 Nh5 12. Qc2 Nxg3 13. hxg3 f5 14. Nd2 f4 15. exf4
gxf4 16. gxf4 Rxf4 17. g3 Rf8 18. Kg2 Ne5 19. f4 Qd7 20. Rh1 Ng4 21. Nf1 e5 22.
Bxg4 Qxg4 23. Ne3 Bf5 24. Qf2 Qg6 25. Rh4 Rae8 26. Rf1 h5 27. Qf3 Bd3 28. f5
Bxf1+ 29. Qxf1 Qh6 30. Qf3 e4 31. Nxe4 Bd4 32. Nc2 Rxe4 33. Rxe4 Bxb2 34. Ne3
Bd4 35. Re6 Qg5 36. Qd1 Rf6 37. Re8+ Kg7 38. Qe2 Bxe3 39. Rxe3 Qxf5 40. Re7+
Rf7 41. Re6 Rf6 42. Rxd6 Rxd6 43. Qe7+ Kg8 44. Qxd6 Qe4+ 45. Kf2 Qd4+ 46. Kf3
Qd3+ 47. Kf4 Qxc4+ 48. Kg5 Qg4+ 49. Kh6 Qg7+ 50. Kxh5 Qf7+ 51. Kg4 Qg7+ 52. Kf5
Qh7+ 53. Kf4 Qf7+ 54. Ke3 Qe8+ 55. Kd2 Qf7 56. Qd8+ Kg7 57. Qg5+ Kh8 58. Qe5+
Kg8 59. Ke2 Qd7 60. Kf3 Qf7+ 61. Ke3 Qd7 62. Qg5+ Kf8 63. Qf6+ Kg8 64. d6 a6
65. Qg6+ Kf8 66. g4 c4 67. Qf6+ Kg8 68. Qg5+ Kf8 69. Qf4+ Ke8 70. Qf6 b5 71. g5
Qh3+ 72. Kd4 Qd3+ 73. Kc5 Qe3+ 74. Kc6 Qe4+ 75. Kb6 b4 76. g6 c3 77. Qf7+ Kd8
78. Qc7+ 1-0

[Event "Zagreb Open 2011 Grupo B"]
[Site "Zagreb CRO"]
[Date "2011.04.11"]
[Round "1.9"]
[White "Turk, Karlo"]
[Black "Bozinovic, Bogdan"]
[Result "1/2-1/2"]
[WhiteElo "1986"]
[BlackElo "2231"]
[PlyCount "154"]
[EventDate "2011.04.11"]
[EventType "swiss"]
[EventRounds "9"]
[EventCountry "CRO"]
[Source "lmi"]
[SourceDate "2011.04.11"]

1. d4 Nf6 2. Nf3 e6 3. Bg5 c5 4. c3 b6 5. Nbd2 Bb7 6. e4 h6 7. Bxf6 Qxf6 8. Bd3
cxd4 9. cxd4 Nc6 10. e5 Qd8 11. Be4 d5 12. Bd3 Nb4 13. Bb5+ Bc6 14. Bxc6+ Nxc6
15. Rc1 Qd7 16. O-O Be7 17. Qc2 Rc8 18. a3 O-O 19. Qd3 Rc7 20. Rc3 Rfc8 21.
Rfc1 Nb8 22. g3 Rxc3 23. Rxc3 Rxc3 24. Qxc3 Qc6 25. Qxc6 Nxc6 26. b4 a6 27. Nb3
f6 28. Kf1 Bd8 29. Ke2 Bc7 30. exf6 gxf6 31. Ne1 Bd6 32. Nd3 Kf7 33. f4 Kg6 34.
Ke3 Kf5 35. h3 h5 36. Kf3 e5 37. g4+ hxg4+ 38. hxg4+ Ke6 39. fxe5 fxe5 40. Nxe5
Nxe5+ 41. dxe5 Kxe5 42. Ke3 Be7 43. Nd4 Bg5+ 44. Kd3 Bc1 45. a4 Bb2 46. Nc6+
Kd6 47. Nd4 Ke5 48. g5 Bc1 49. Nf3+ Kd6 50. g6 Ke6 51. Nd4+ Kf6 52. Nf5 Ba3 53.
g7 Kf7 54. g8=Q+ Kxg8 55. Ne7+ Kf7 56. Nxd5 Ke6 57. Nc7+ Kd6 58. Nxa6 Bc1 59.
Kc4 Kc6 60. Nb8+ Kc7 61. Na6+ Kc6 62. b5+ Kd6 63. Nb4 Be3 64. Nd5 Bc5 65. Nf6
Be3 66. Ne8+ Ke5 67. Nc7 Bg1 68. Na6 Kd6 69. Nb4 Bf2 70. Nc6 Bc5 71. Nd4 Ba3
72. Nb3 Bb2 73. Nd4 Bc1 74. a5 bxa5 75. b6 Be3 76. Nf5+ Kc6 77. Nxe3 Kxb6
1/2-1/2

[Event "Zagreb Open 2011 Grupo B"]
[Site "Zagreb CRO"]
[Date "2011.04.11"]
[Round "1.10"]
[White "Tscharotschkin, Michael"]
[Black "Damic, Dalibor"]
[Result "1-0"]
[WhiteElo "2218"]
[BlackElo "1986"]
[PlyCount "119"]
[EventDate "2011.04.11"]
[EventType "swiss"]
[EventRounds "9"]
[EventCountry "CRO"]
[Source "lmi"]
[SourceDate "2011.04.11"]

1. e4 e6 2. d4 d5 3. Nd2 Nf6 4. e5 Nfd7 5. Bd3 c5 6. c3 Nc6 7. Ne2 cxd4 8. cxd4
Qb6 9. Nf3 f6 10. exf6 Nxf6 11. O-O Bd6 12. Bf4 Nb4 13. Bb5+ Bd7 14. Bxd7+ Nxd7
15. Ng5 Be7 16. a3 Na6 17. Qd3 Nf8 18. Rac1 Ng6 19. Qe3 Nxf4 20. Qxf4 Bf6 21.
Qg4 O-O 22. Qxe6+ Qxe6 23. Nxe6 Rfe8 24. N6f4 g5 25. Nxd5 Rxe2 26. Nxf6+ Kf7
27. Nd7 Rxb2 28. Rb1 Rxb1 29. Rxb1 b6 30. g4 Ke6 31. Ne5 Rc8 32. Rb3 Nb8 33.
Rf3 Rc7 34. Kg2 Nc6 35. Rc3 Kd6 36. Nxc6 Rxc6 37. Rxc6+ Kxc6 38. f4 gxf4 39.
Kf3 b5 40. Kxf4 a5 41. Ke4 b4 42. a4 b3 43. Kd3 Kd5 44. Kc3 b2 45. Kxb2 Kxd4
46. g5 Ke4 47. Kc3 Kf4 48. Kc4 Kxg5 49. Kb5 h5 50. Kxa5 h4 51. Kb5 Kg4 52. a5
Kh3 53. a6 Kxh2 54. a7 h3 55. a8=Q Kg1 56. Qg8+ Kh1 57. Qd5+ Kg1 58. Qd4+ Kh1
59. Qd1+ Kh2 60. Qg4 1-0

[Event "Zagreb Open 2011 Grupo B"]
[Site "Zagreb CRO"]
[Date "2011.04.11"]
[Round "1.11"]
[White "Radenovic, Stevo"]
[Black "Zecevic, Dean"]
[Result "0-1"]
[WhiteElo "1983"]
[BlackElo "2215"]
[PlyCount "60"]
[EventDate "2011.04.11"]
[EventType "swiss"]
[EventRounds "9"]
[EventCountry "CRO"]
[Source "lmi"]
[SourceDate "2011.04.11"]

1. e4 c5 2. Nf3 d6 3. d4 cxd4 4. Nxd4 Nf6 5. Nc3 Nc6 6. h3 e5 7. Nf3 h6 8. Be3
Be7 9. Bc4 a6 10. a3 Be6 11. Bd5 Rc8 12. Qd2 Bxd5 13. exd5 Nb8 14. O-O Nbd7 15.
Na4 b5 16. Nc3 Nb6 17. Bxb6 Qxb6 18. Qe3 Qxe3 19. fxe3 O-O 20. Nd2 Rxc3 21.
bxc3 Nxd5 22. e4 Nxc3 23. Rf3 Rc8 24. Raf1 Ne2+ 25. Kh2 Bg5 26. Nb1 Bf4+ 27. g3
Nxg3 28. Rxf4 exf4 29. Rxf4 Ne2 30. Rf2 Rxc2 0-1

[Event "Zagreb Open 2011 Grupo B"]
[Site "Zagreb CRO"]
[Date "2011.04.11"]
[Round "1.13"]
[White "Orincic, Damir"]
[Black "Strniscak, Tomislav"]
[Result "0-1"]
[WhiteElo "1981"]
[BlackElo "2212"]
[PlyCount "66"]
[EventDate "2011.04.11"]
[EventType "swiss"]
[EventRounds "9"]
[EventCountry "CRO"]
[Source "lmi"]
[SourceDate "2011.04.11"]

1. e4 e5 2. Nf3 Nf6 3. Nxe5 d6 4. Nf3 Nxe4 5. Nc3 Nxc3 6. dxc3 Be7 7. Be3 Nd7
8. Qd2 O-O 9. O-O-O Nc5 10. h4 Re8 11. Kb1 Ne4 12. Qd5 Nf6 13. Qg5 h6 14. Qf4
d5 15. Qd4 Bf5 16. Qd2 c6 17. Nd4 Ne4 18. Qc1 Bh7 19. Bd3 Bf6 20. g4 c5 21. Nf3
Qb6 22. Bxe4 Bxe4 23. Rh3 Bxc3 24. g5 h5 25. g6 f6 26. Nd2 Rad8 27. Nb3 d4 28.
Bd2 c4 29. Na1 Bf5 30. Rg3 Bxd2 31. Rxd2 c3 32. Rd1 Re2 33. b3 d3 0-1

[Event "Zagreb Open 2011 Grupo B"]
[Site "Zagreb CRO"]
[Date "2011.04.11"]
[Round "1.14"]
[White "Sunjic, Vitomir"]
[Black "Glavicic, Tino"]
[Result "1-0"]
[WhiteElo "2212"]
[BlackElo "1980"]
[PlyCount "69"]
[EventDate "2011.04.11"]
[EventType "swiss"]
[EventRounds "9"]
[EventCountry "CRO"]
[Source "lmi"]
[SourceDate "2011.04.11"]

1. e4 e5 2. Nf3 Nc6 3. Bb5 a6 4. Bxc6 dxc6 5. O-O f6 6. d4 exd4 7. Nxd4 c5 8.
Nb3 Qxd1 9. Rxd1 Bd7 10. Be3 b6 11. Nc3 O-O-O 12. Nd5 Ne7 13. c4 Nxd5 14. cxd5
Ba4 15. Rd3 c4 16. Rd4 Bb5 17. a4 cxb3 18. axb5 a5 19. Rd3 Bb4 20. Rc1 Kb7 21.
Rxb3 Rhe8 22. Rc4 f5 23. f3 fxe4 24. fxe4 Rd7 25. Kf2 Rf7+ 26. Ke2 Bd6 27. h3
Be5 28. Bc1 Rf6 29. Rf3 Rg6 30. g4 h5 31. g5 h4 32. Rf7 Bd6 33. Kf3 Rf8 34.
Rcxc7+ Bxc7 35. Rxf8 1-0

[Event "Zagreb Open 2011 Grupo B"]
[Site "Zagreb CRO"]
[Date "2011.04.11"]
[Round "1.16"]
[White "Dugandzic, Boris"]
[Black "Klement, Dubravko"]
[Result "0-1"]
[WhiteElo "2210"]
[BlackElo "1972"]
[PlyCount "110"]
[EventDate "2011.04.11"]
[EventType "swiss"]
[EventRounds "9"]
[EventCountry "CRO"]
[Source "lmi"]
[SourceDate "2011.04.11"]

1. Nf3 c5 2. g3 e6 3. Bg2 d5 4. O-O Nc6 5. d4 Nf6 6. b3 cxd4 7. Nxd4 Be7 8. Bb2
O-O 9. Nd2 Nxd4 10. Bxd4 Bd7 11. c4 Bc6 12. Rc1 Ba3 13. Rc2 Qe7 14. Qa1 Rfe8
15. cxd5 exd5 16. Nf3 Qe6 17. Bxf6 Qxf6 18. Qxf6 gxf6 19. Nd4 Rac8 20. Bh3 Rcd8
21. e3 Bd7 22. Bg2 Be6 23. Nb5 Bd6 24. Nxa7 Bf5 25. Rcc1 Bb8 26. Nb5 Bd3 27.
Nd4 Bxf1 28. Bxf1 Rc8 29. Rd1 Be5 30. Nf5 Rc2 31. Rxd5 Rxa2 32. Rd7 Bc3 33. Bc4
Rf8 34. Bxf7+ Kh8 35. Kf1 b5 36. Bd5 Rd2 37. e4 Ba5 38. Rb7 Rd1+ 39. Ke2 Rd2+
40. Ke3 Rb2 41. Rxb5 Be1 42. h4 Bxf2+ 43. Kf3 h5 44. Bc4 Bg1 45. g4 Rc8 46. Ne7
hxg4+ 47. Kxg4 Rg2+ 48. Kf3 Rf2+ 49. Kg3 Re8 50. Rh5+ Kg7 51. Nf5+ Rxf5 52.
Rxf5 Rxe4 53. Rb5 Re7 54. Rb8 f5 55. Kf4 Bh2+ 0-1

[Event "Zagreb Open 2011 Grupo B"]
[Site "Zagreb CRO"]
[Date "2011.04.11"]
[Round "1.19"]
[White "Vukelic, Zvonimir"]
[Black "Ivanov, Borislav"]
[Result "0-1"]
[WhiteElo "1955"]
[BlackElo "2202"]
[PlyCount "120"]
[EventDate "2011.04.11"]
[EventType "swiss"]
[EventRounds "9"]
[EventCountry "CRO"]
[Source "lmi"]
[SourceDate "2011.04.11"]

1. e4 c6 2. d4 d5 3. Nc3 dxe4 4. Nxe4 Bf5 5. Ng3 Bg6 6. Nf3 Nd7 7. Bd3 Qc7 8.
Be3 Ngf6 9. Qd2 e6 10. O-O-O O-O-O 11. Nh4 Bxd3 12. Qxd3 Bd6 13. Nf3 h6 14. Ne4
Nxe4 15. Qxe4 Nf6 16. Qd3 Rd7 17. h3 Rhd8 18. Qe2 Qa5 19. Kb1 Qf5 20. Rd3 Nd5
21. a3 Nf4 22. Bxf4 Bxf4 23. Rhd1 Rd5 24. c4 R5d7 25. Qc2 g5 26. Ne1 h5 27. Ka2
Kb8 28. Qc3 g4 29. hxg4 hxg4 30. g3 Bh6 31. f4 Bg7 32. c5 f6 33. Qc4 Qd5 34.
Qxd5 Rxd5 35. Nc2 f5 36. Re1 Bxd4 37. Nxd4 Rxd4 38. Rxd4 Rxd4 39. Rxe6 Rd5 40.
b4 Rd2+ 41. Kb1 Rd3 42. Rf6 Rxa3 43. Kb2 Rxg3 44. Rxf5 Rf3 45. Rf8+ Kc7 46. f5
Kd7 47. Rf7+ Ke8 48. Rxb7 Rxf5 49. Rxa7 Rg5 50. Ra8+ Kf7 51. Kb3 Ke6 52. Kc4 g3
53. Ra1 Kf6 54. Rf1+ Kg6 55. Kd4 g2 56. Rg1 Kh5 57. Ke4 Kh4 58. Kf4 Rg7 59. Ke5
Kg3 60. Kd6 Rg6+ 0-1

[Event "Zagreb Open 2011 Grupo B"]
[Site "Zagreb CRO"]
[Date "2011.04.11"]
[Round "1.20"]
[White "Kalajzic, Ivan"]
[Black "Havas, Juraj"]
[Result "1-0"]
[WhiteElo "2200"]
[BlackElo "1954"]
[PlyCount "127"]
[EventDate "2011.04.11"]
[EventType "swiss"]
[EventRounds "9"]
[EventCountry "CRO"]
[Source "lmi"]
[SourceDate "2011.04.11"]

1. b3 d6 2. Bb2 e5 3. e3 Nf6 4. d4 Nbd7 5. Nf3 e4 6. Nfd2 d5 7. c4 c6 8. Nc3
Bb4 9. Be2 O-O 10. O-O Re8 11. Qc2 Re6 12. Rae1 Qe7 13. a3 Bd6 14. cxd5 cxd5
15. Nb5 a6 16. Nxd6 Rxd6 17. f3 Rc6 18. Qb1 exf3 19. Bxf3 Re6 20. e4 dxe4 21.
Nxe4 Nxe4 22. Bxe4 Nf6 23. Rxf6 gxf6 24. d5 Qc5+ 25. Kh1 Rd6 26. b4 Qf2 27.
Bxh7+ Kg7 28. Rf1 Qh4 29. Be4 Bd7 30. g3 Qh6 31. Bc1 Qh5 32. Bf4 Rxd5 33. Bf3
Qf5 34. g4 Qxf4 35. Bxd5 Qd6 36. Bxb7 Rh8 37. Qb2 Rh4 38. g5 Bc6+ 39. Bxc6
Qxc6+ 40. Qg2 Qxg2+ 41. Kxg2 fxg5 42. Rf5 g4 43. Ra5 Rh6 44. Rg5+ Kh7 45. Rxg4
Rd6 46. Rg3 Rd2+ 47. Kh3 Ra2 48. Rf3 Kg6 49. Kg3 Kg7 50. h3 Re2 51. Rb3 Re6 52.
a4 Rb6 53. b5 axb5 54. axb5 Kf6 55. Kf4 Ke6 56. Ke4 Kd6 57. Kd4 Kc7 58. Kc5 Rh6
59. Kd5 Kb6 60. Ke5 f6+ 61. Kd5 Kc7 62. b6+ Kb7 63. Ke6 Rg6 64. Kf7 1-0

[Event "Zagreb Open 2011 Grupo B"]
[Site "Zagreb CRO"]
[Date "2011.04.12"]
[Round "2.1"]
[White "Bender, Ivan"]
[Black "Maslac, Zvonimir"]
[Result "0-1"]
[WhiteElo "2276"]
[BlackElo "2114"]
[PlyCount "60"]
[EventDate "2011.04.11"]
[EventType "swiss"]
[EventRounds "9"]
[EventCountry "CRO"]
[Source "lmi"]
[SourceDate "2011.04.11"]

1. e4 c6 2. d4 d6 3. Nc3 e5 4. Nge2 Nd7 5. Be3 Ngf6 6. f3 Qc7 7. Qd2 Be7 8. g4
exd4 9. Nxd4 Ne5 10. O-O-O h6 11. Kb1 a6 12. Be2 b5 13. Nf5 Bxf5 14. gxf5 O-O-O
15. Rhg1 d5 16. Qe1 dxe4 17. Rxd8+ Rxd8 18. fxe4 Ne8 19. Qf2 Kb7 20. a4 Bb4 21.
f6 g5 22. h4 Bxc3 23. bxc3 Nd6 24. axb5 axb5 25. hxg5 Nxe4 26. Qg2 Nxc3+ 27.
Kb2 Qa5 28. Ra1 Qb4+ 29. Kc1 Na4 30. Rxa4 Qxa4 0-1

[Event "Zagreb Open 2011 Grupo B"]
[Site "Zagreb CRO"]
[Date "2011.04.12"]
[Round "2.2"]
[White "Bender, Zdenko"]
[Black "Medic, Mirjana"]
[Result "0-1"]
[WhiteElo "2100"]
[BlackElo "2271"]
[PlyCount "88"]
[EventDate "2011.04.11"]
[EventType "swiss"]
[EventRounds "9"]
[EventCountry "CRO"]
[Source "lmi"]
[SourceDate "2011.04.11"]

1. e4 e6 2. d4 d5 3. exd5 exd5 4. c4 Nf6 5. Bd3 dxc4 6. Bxc4 Be7 7. Ne2 O-O 8.
O-O Nbd7 9. Nbc3 Nb6 10. Bb3 c6 11. a3 Nbd5 12. Qd3 Be6 13. Bc2 g6 14. Qd2 Qd7
15. b4 Nxc3 16. Qxc3 Nd5 17. Qb2 a5 18. bxa5 Rxa5 19. Bd2 Ra7 20. a4 Rfa8 21.
Rad1 Qc7 22. Bh6 Qb6 23. Qa1 Bf6 24. Rd2 Qa5 25. Qc1 Nb6 26. f4 Bc4 27. Rf2 Qh5
28. Bg5 Bxg5 29. Ng3 Qh4 30. fxg5 Qxg5 31. Ne4 Qe3 32. Kh1 Be6 33. Rf3 Qh6 34.
g4 Nd5 35. g5 Qh4 36. Qf1 b5 37. axb5 Ra1 38. Bb1 cxb5 39. Nc5 Bf5 40. Rd1 Rxb1
41. Rxb1 Bxb1 42. Qxb1 Qxd4 43. Qxb5 Ra1+ 44. Kg2 Rg1+ 0-1

[Event "Zagreb Open 2011 Grupo B"]
[Site "Zagreb CRO"]
[Date "2011.04.12"]
[Round "2.3"]
[White "Cop, Tomislav"]
[Black "Ivekovic jr, Bozidar"]
[Result "0-1"]
[WhiteElo "2268"]
[BlackElo "2106"]
[PlyCount "60"]
[EventDate "2011.04.11"]
[EventType "swiss"]
[EventRounds "9"]
[EventCountry "CRO"]
[Source "lmi"]
[SourceDate "2011.04.11"]

1. e4 e5 2. Nf3 Nc6 3. Bc4 Nf6 4. Nc3 Nxe4 5. Nxe4 d5 6. Bd3 dxe4 7. Bxe4 Bd6
8. d4 exd4 9. Nxd4 O-O 10. Nxc6 Qh4 11. Qe2 bxc6 12. g3 Qh3 13. Be3 Bd7 14. Qf3
Rab8 15. Rb1 Bb4+ 16. c3 Bg4 17. Qf4 Bd6 18. Qg5 Rfe8 19. Bxc6 Re5 20. Qh4 Qxh4
21. gxh4 Bf5 22. O-O Bxb1 23. Rxb1 Bc5 24. Bxc5 Rxc5 25. Be4 Re5 26. Bf3 g6 27.
b4 Rd8 28. Rb3 Rd3 29. Kg2 a5 30. b5 Rc5 0-1

[Event "Zagreb Open 2011 Grupo B"]
[Site "Zagreb CRO"]
[Date "2011.04.12"]
[Round "2.4"]
[White "Hamer, Ivan"]
[Black "Curic, Drazen"]
[Result "1-0"]
[WhiteElo "2094"]
[BlackElo "2264"]
[PlyCount "61"]
[EventDate "2011.04.11"]
[EventType "swiss"]
[EventRounds "9"]
[EventCountry "CRO"]
[Source "lmi"]
[SourceDate "2011.04.11"]

1. d4 Nf6 2. c4 g6 3. Nc3 Bg7 4. e4 O-O 5. Be2 d6 6. Bg5 c6 7. f4 a6 8. e5 dxe5
9. dxe5 Nfd7 10. Nf3 f6 11. exf6 exf6 12. Bh4 Qb6 13. Qd2 a5 14. Bf2 Qc7 15.
O-O Na6 16. Na4 Bh6 17. g3 b6 18. Rad1 Re8 19. Rfe1 Bf8 20. Bf1 Rxe1 21. Qxe1
Ndc5 22. Nxc5 Nxc5 23. Nd4 Bg4 24. Rd2 Kf7 25. Bg2 Re8 26. Qb1 Bd7 27. b3 f5
28. Qd1 Be7 29. Nf3 Rd8 30. Ne5+ Kg8 31. Bxc5 1-0

[Event "Zagreb Open 2011 Grupo B"]
[Site "Zagreb CRO"]
[Date "2011.04.12"]
[Round "2.5"]
[White "Savic, Miroslav"]
[Black "Bartakovic, Tomislav"]
[Result "1-0"]
[WhiteElo "2260"]
[BlackElo "2097"]
[PlyCount "71"]
[EventDate "2011.04.11"]
[EventType "swiss"]
[EventRounds "9"]
[EventCountry "CRO"]
[Source "lmi"]
[SourceDate "2011.04.11"]

1. d4 Nf6 2. c4 e5 3. dxe5 Ng4 4. e6 dxe6 5. Qxd8+ Kxd8 6. e3 c6 7. Be2 Nf6 8.
Nf3 Nbd7 9. O-O h6 10. Rd1 Kc7 11. b3 b6 12. Bb2 Bd6 13. Nc3 Rd8 14. Rac1 a6
15. Nd4 Bb7 16. h3 Bc5 17. a3 Bxd4 18. exd4 c5 19. b4 cxd4 20. Rxd4 Rac8 21.
Rcd1 e5 22. R4d2 Re8 23. Na4 h5 24. b5 a5 25. Bxh5 Re7 26. Bg4 Nxg4 27. hxg4
Nf6 28. Rd6 Nxg4 29. Nxb6 Rh8 30. c5 Nf6 31. Nc4 Rh5 32. Nxa5 Re8 33. b6+ Kc8
34. c6 Ba6 35. Rd8+ Rxd8 36. b7+ 1-0

[Event "Zagreb Open 2011 Grupo B"]
[Site "Zagreb CRO"]
[Date "2011.04.12"]
[Round "2.6"]
[White "Gujic, Vladimir"]
[Black "Frouth, Nenad"]
[Result "1/2-1/2"]
[WhiteElo "2080"]
[BlackElo "2259"]
[PlyCount "95"]
[EventDate "2011.04.11"]
[EventType "swiss"]
[EventRounds "9"]
[EventCountry "CRO"]
[Source "lmi"]
[SourceDate "2011.04.11"]

1. c4 Nf6 2. g3 e5 3. Bg2 Bc5 4. Nc3 c6 5. e3 d5 6. cxd5 cxd5 7. d4 Bd6 8. dxe5
Bxe5 9. Nxd5 O-O 10. f4 Bd6 11. Ne2 Re8 12. Nec3 Nc6 13. Nxf6+ Qxf6 14. O-O Qg6
15. f5 Bxf5 16. Rxf5 Qxf5 17. Qxd6 Ne5 18. e4 Qh5 19. Qd1 Ng4 20. Kf1 Nxh2+ 21.
Ke1 Qc5 22. Qe2 Qg1+ 23. Kd2 Ng4 24. Kc2 Rac8 25. Qxg4 Qxg2+ 26. Bd2 Qxe4+ 27.
Qxe4 Rxe4 28. Kd3 Rg4 29. Bf4 g5 30. Be5 f6 31. Bxf6 Rxg3+ 32. Ke4 Rc4+ 33. Kd5
Rc6 34. Ne4 Rd3+ 35. Bd4 h6 36. Rf1 Rc8 37. Nf6+ Kf7 38. Ke4 Rh3 39. Ng4+ Ke7
40. Ne5 Ke6 41. Ng6 Re8 42. Rf6+ Kd7+ 43. Kd5 a6 44. Ne5+ Kc7 45. Rf7+ Kb8 46.
Nd7+ Kc8 47. Nb6+ Kb8 48. Nd7+ 1/2-1/2

[Event "Zagreb Open 2011 Grupo B"]
[Site "Zagreb CRO"]
[Date "2011.04.12"]
[Round "2.10"]
[White "Zecevic, Dean"]
[Black "Tisljar, Stjepan"]
[Result "1-0"]
[WhiteElo "2215"]
[BlackElo "2082"]
[PlyCount "47"]
[EventDate "2011.04.11"]
[EventType "swiss"]
[EventRounds "9"]
[EventCountry "CRO"]
[Source "lmi"]
[SourceDate "2011.04.11"]

1. e4 d6 2. d4 Nf6 3. f3 g6 4. c4 Bg7 5. Nc3 O-O 6. Be3 c6 7. Qd2 Re8 8. Bd3 a5
9. Nge2 Na6 10. Rc1 e5 11. d5 Nd7 12. g4 Ndc5 13. Bc2 Nb4 14. Bb1 f5 15. gxf5
gxf5 16. Bg5 Bf6 17. h4 h6 18. Bxh6 Bxh4+ 19. Kd1 f4 20. Nxf4 exf4 21. Qg2+ Bg3
22. Bxf4 Qf6 23. Qxg3+ Kf8 24. Bxd6+ 1-0

[Event "Zagreb Open 2011 Grupo B"]
[Site "Zagreb CRO"]
[Date "2011.04.12"]
[Round "2.11"]
[White "Bakalar, Jan"]
[Black "Vukovic, Ivo"]
[Result "1/2-1/2"]
[WhiteElo "2061"]
[BlackElo "2213"]
[PlyCount "29"]
[EventDate "2011.04.11"]
[EventType "swiss"]
[EventRounds "9"]
[EventCountry "CRO"]
[Source "lmi"]
[SourceDate "2011.04.11"]

1. e4 e5 2. Nc3 Bc5 3. Bc4 Nf6 4. d3 d6 5. Be3 Nbd7 6. Nf3 O-O 7. a3 Bxe3 8.
fxe3 c6 9. Qe2 Qe7 10. O-O Nb6 11. Ba2 d5 12. exd5 Nbxd5 13. Nxd5 Nxd5 14. e4
Nf6 15. Nh4 1/2-1/2